01010nam a2200301 i 4500001000300000003000400003005001700007008003900024015001700063020001500080040001400095041000800109080002200117080001500139100004000154245007600194250005000270260005400320300002600374500001200400650002900412650003400441710004300475856009800518942001200616999001700628952006300645bgBPK20250618064343.0040414s2004 pl f |000 0 pol aPB 2004/7754 a8373343083 aWA NcBPK0 apol a347.736./739(438) a(094.4.07)1 aŚwieboda, Zdzisławd(1931-2005).10aPrawo upadłościowe i naprawcze :bkomentarz /cZdzisław Świeboda. aWyd. 2 zm., stan prawny na 1 marca 2004 roku. aWarszawa :bWydaw. Prawnicze "LexisNexis",c2004. a583, [1] s. ;c25 cm. aIndeks. 4aPostępowanie naprawcze 4aUpadłośćxprawozPolska.2 aWydawnictwo Prawnicze LexisNexis4pbl. uhttp://koha.tu.koszalin.pl/cgi-bin/koha/opac-detail.pl?biblionumber=44148yKatalog online BPK 2UKDcKS c44148d44148 00104071aBPKbBPKceho70976p02167435t347.7 Ph.PsyKS